Zwischen Amnesie und Nostalgie :Die Erinnerung an den Kommunismus in Südosteuropa / (Titelsatznr. 12025)
[ MARC ]
| 000 -Satzkennung | |
|---|---|
| Kontrollfeld mit fester Länge | 00502nam a22001571c 4500 |
| 001 - Kontrollnummer | |
| Kontrollfeld | a987654950 |
| 008 - Feld mit fester Länge zur physischen Beschreibung - Allgemeine Angaben | |
| Kontrollfeld mit fester Länge | 070201s2007 gw |||| 000u ger d |
| 040 ## - Katalogisierungsquelle | |
| Übertragungsstelle | RU-10907106 |
| 003 - Kontrollnummer Identifier | |
| Kontrollfeld | RU-10907106 |
| 245 00 - Titel | |
| Titel | Zwischen Amnesie und Nostalgie :Die Erinnerung an den Kommunismus in Südosteuropa / |
| Verfasserangabe etc. | Hrsg. Ulf Brunnbauer; Hrsg. Stefan Troebst |
| 264 ## - Produktion, Veröffentlichung, Distribution, Herstellung und Urheberrechtsvermerk | |
| Herstellungs-, Veröffentlichungs- Vertriebs-, Erzeugungsort | Köln : |
| Produzent, Herausgeber, Distributor, Hersteller | Böhlau, |
| Datum der Herstellung, der Veröffentlichung, des Vertriebs oder des Urheberschutzvermerks | 2007 |
| 300 ## - Physische Beschreibung | |
| Umfang | 308 S. |
| 490 #0 - Gesamttitelangabe | |
| Gesamttitelangabe | Visuelle Geschichtskultur |
| Bandnummer/Folgebezeichnung | 2 |
| 700 1# - Nebeneintragung - Personenname | |
| Personenname | Brunnbauer, Ulf |
| Funktionsbezeichnung | HerausgeberIn |
| 942 ## - Zusätzliche Felder (Koha) | |
| Koha-Medientyp | Monographien |
| Ausgeschieden | Verloren | Klassifikation oder Aufstellungssystematik | Beschädigt | Nicht entleihbar | Heimatbibliothek | Aufenthaltsbibliothek | Aufstellungsort | Erwerbungsdatum | Inventarnummer | Signatur | Barcode | Letzte Aktivität | Preis gültig von | Koha-Medientyp |
|---|---|---|---|---|---|---|---|---|---|---|---|---|---|---|
| Andere/Generische Klassifikation | MWN Osteuropa | MWN Osteuropa | Lesesaal - 1 | 01/02/2007 | 08-00365 | W 66 G u Bru | E00401506CBF567C | 16/07/2013 | 22/03/2021 | Monographien |